000 002310000a22000970004500
100 1 _aFoulkes, Ricardo
245 1 0 _aPastoral desde el exílio
300 _aVol. 4, Núm 8 (1982), Páginas 28-34
773 0 _tPastoralia
942 _cANA
999 _c53290
_d53290